New Zealand Prime Ministers since 1900 - Statistics

General Stats
  • This quiz has been taken 508 times
    45 since last reset
  • The average score is 18 of 29
Answer Stats
years answer % Correct
2017-2023 Jacinda Ardern
100%
1999-2008 Helen Clark
94%
2008-2016 John Key
94%
2023- Chris Luxon
88%
1975-1984 Robert Muldoon
84%
2023 Chris Hipkins
81%
1997-1999 Jenny Shipley
78%
1984-1989 David Lange
72%
1972-1974 Norman Kirk
72%
2016-2017 Bill English
69%
1990-1997 Jim Bolger
69%
1989-1990 Geoffrey Palmer
66%
1935-1940 Michael Joseph Savage
66%
1893-1906 Richard Seddon
66%
1940-1949 Peter Fraser
63%
1990 Mike Moore
59%
1949-1957 Sidney Holland
59%
1972 Jack Marshall
56%
1912-1925 William Massey
56%
1974-1975 Bill Rowling
53%
1957-1960 Walter Nash
53%
1957, 1960-1972 Keith Holyoake
50%
1925-1928 Gordon Coates
47%
1912 Thomas Mackenzie
47%
1906-1912 Joseph Ward
38%
1928-1930 Joseph Ward
38%
1930-1935 George Forbes
31%
1906 William Hall-Jones
31%
1925 Francis Bell
22%
No matching quizzes found
Score Distribution
Percent of People with Each Score
Percentile by Number Answered
Your Score History
You have not taken this quiz since the last reset